[Event "SRB-chT"]
[Site "Valjevo"]
[Date "2011.08.31"]
[Round "5.5"]
[White "Georgiev, Kiril"]
[Black "Roiz, Michael"]
[Result "1-0"]
[WhiteElo "2654"]
[BlackElo "2669"]
[PlyCount "111"]
[EventDate "2011.08.27"]
[EventType "team-tourn"]
[EventRounds "11"]
[EventCountry "SRB"]
[SourceTitle "CBM 144 Extra"]
[Source "ChessBase"]
[SourceDate "2011.10.28"]
[SourceVersion "1"]
[SourceVersionDate "2011.10.28"]
[SourceQuality "1"]
[WhiteTeam "Novi Banovci Omladinac"]
[BlackTeam "Valjevo Sveti Nikolaj"]
[WhiteTeamCountry "SRB"]
[BlackTeamCountry "SRB"]

1. d4 Nf6 2. c4 e6 3. Nc3 Bb4 4. Qc2 O-O 5. a3 Bxc3+ 6. Qxc3 d6 7. Bg5 Nbd7 8.
e3 b6 9. Ne2 c5 10. Qc2 Ba6 11. Rd1 Qc7 12. Nc3 cxd4 13. Rxd4 h6 14. Bxf6 Nxf6
15. Be2 e5 16. Rd2 Rac8 17. Qa4 Bxc4 18. Bxc4 Qxc4 19. Qxc4 Rxc4 20. Rxd6 Rfc8
21. Ke2 Kf8 22. Rhd1 Ke7 23. f3 R8c6 24. R6d2 R4c5 25. h4 Rc7 26. e4 Rd7 27.
Rxd7+ Nxd7 28. Nd5+ Ke8 29. Ne3 Nf8 30. Rd5 Ne6 31. Rxc5 Nxc5 32. Nf5 Kf8 33.
Kd2 h5 34. Kc3 g6 35. Nd6 Ne6 36. Kd2 Nd4 37. a4 Nc6 38. g4 Ke7 39. gxh5 gxh5
40. Nf5+ Kd7 41. Kc3 Nd8 42. Ng7 Ne6 43. Nxh5 Nd4 44. Ng3 Nxf3 45. Nf5 Ke6 46.
Kd3 Kf6 47. b4 Kg6 48. Ne7+ Kh5 49. Nc8 Nd4 50. Nxa7 Kxh4 51. Nc8 b5 52. a5 Nc6
53. Kc3 Kg4 54. a6 Kf3 55. Nd6 Na7 56. Nxb5 1-0

[Event "EU-ch 13th"]
[Site "Plovdiv"]
[Date "2012.03.30"]
[Round "10"]
[White "Istratescu, Andrei"]
[Black "Georgiev, Kiril"]
[Result "0-1"]
[WhiteElo "2633"]
[BlackElo "2671"]
[PlyCount "120"]
[EventDate "2012.03.20"]
[EventType "swiss"]
[EventRounds "11"]
[EventCountry "BUL"]
[SourceTitle "CBM 148"]
[Source "ChessBase"]
[SourceDate "2012.05.16"]
[SourceVersion "1"]
[SourceVersionDate "2012.05.16"]
[SourceQuality "1"]

1. e4 e5 2. Nf3 Nc6 3. Bb5 Nf6 4. d3 Bc5 5. c3 O-O 6. O-O d6 7. Bg5 Bd7 8. a4
a6 9. Bxc6 Bxc6 10. Qc1 h6 11. Bh4 Qe7 12. d4 Ba7 13. Re1 Kh7 14. Na3 Bxa4 15.
Nc4 Bb5 16. Ncxe5 Qe6 17. d5 Qc8 18. c4 dxe5 19. cxb5 Nd7 20. bxa6 bxa6 21. Be7
Re8 22. Bb4 Qb7 23. Qc4 Qb5 24. Rac1 Bb6 25. g3 Rab8 26. Ba3 Rb7 27. Kg2 Ba7
28. Rc2 Bb6 29. h3 Ba7 30. Rec1 Bb6 31. Ne1 f6 32. Nd3 Ra8 33. h4 h5 34. Rc3
Ba5 35. R3c2 Bb6 36. f4 Re8 37. Re2 Bd4 38. Nb4 Nc5 39. fxe5 Bxe5 40. Kf3 Nb3
41. Qxb3 a5 42. Rc4 Qd7 43. Qd3 axb4 44. Rxb4 Qh3 45. Kf2 Rxb4 46. Bxb4 Qh2+
47. Kf1 Qh1+ 48. Kf2 f5 49. Bc3 Bxc3 50. Qxc3 fxe4 51. Ke3 Qd1 52. Re1 Qxd5 53.
Rf1 Rb8 54. b4 c5 55. Qxc5 Qd3+ 56. Kf2 Qf3+ 57. Ke1 Qxg3+ 58. Ke2 Qd3+ 59. Ke1
Rb5 60. Qf8 Qe3+ 0-1

[Event "CRO-chT"]
[Site "Bol"]
[Date "2013.09.18"]
[Round "5.4"]
[White "Naiditsch, Arkadij"]
[Black "Georgiev, Kiril"]
[Result "0-1"]
[WhiteElo "2710"]
[BlackElo "2637"]
[PlyCount "80"]
[EventDate "2013.09.14"]
[EventType "team-tourn"]
[EventRounds "9"]
[EventCountry "CRO"]
[SourceTitle "CBM 156 Extra"]
[Source "ChessBase"]
[SourceDate "2013.10.22"]
[SourceVersion "1"]
[SourceVersionDate "2013.10.22"]
[SourceQuality "1"]
[WhiteTeam "Rijeka Liburnija"]
[BlackTeam "Vukovar 91"]
[WhiteTeamCountry "CRO"]
[BlackTeamCountry "CRO"]

1. e4 e5 2. Nf3 Nc6 3. Nc3 Nf6 4. Bb5 Bb4 5. O-O O-O 6. d3 d6 7. Bg5 Ne7 8. Nh4
c6 9. Ba4 Ng6 10. Bb3 Kh8 11. Ne2 h6 12. Nxg6+ fxg6 13. Bd2 Bc5 14. c3 Qe7 15.
d4 Bb6 16. Bc2 g5 17. Re1 Be6 18. a4 a5 19. Ng3 exd4 20. Nf5 Bxf5 21. exf5 Qd7
22. Re6 d5 23. cxd4 Bxd4 24. Bxg5 Bxf2+ 25. Kxf2 hxg5 26. Kg1 Rae8 27. Qe2 Kg8
28. Re1 Qc7 29. b3 Qb6+ 30. Kh1 Qd4 31. g3 g4 32. Kg2 Qc5 33. Rf1 Kf7 34. h3
gxh3+ 35. Kh1 Qd6 36. Qe3 d4 37. Qf3 Qd5 38. Bd3 Qxf3+ 39. Rxf3 Rxe6 40. Bc4
Ke7 0-1

[Event "SRB-chT"]
[Site "Palic"]
[Date "2014.08.31"]
[Round "2.3"]
[White "Georgiev, Kiril"]
[Black "Rapport, Richard"]
[Result "1-0"]
[WhiteElo "2626"]
[BlackElo "2704"]
[PlyCount "46"]
[EventDate "2014.08.30"]
[EventType "team-tourn"]
[EventRounds "11"]
[EventCountry "SRB"]
[SourceTitle "CBM 162 Extra"]
[Source "ChessBase"]
[SourceDate "2014.10.17"]
[SourceVersion "1"]
[SourceVersionDate "2014.10.17"]
[SourceQuality "1"]
[WhiteTeam "Gornji Milanovac"]
[BlackTeam "Kragujevac"]
[WhiteTeamCountry "SRB"]
[BlackTeamCountry "SRB"]

1. Nf3 f5 2. g3 Nf6 3. Bg2 g6 4. O-O Bg7 5. d4 O-O 6. b3 e6 7. c4 Nc6 8. Bb2
Ne7 9. Nc3 b6 10. Ne5 Rb8 11. e3 Bb7 12. d5 d6 13. Nd3 e5 14. e4 b5 15. cxb5 a6
16. bxa6 Bxa6 17. Re1 fxe4 18. Nxe4 Nexd5 19. Qd2 Nxe4 20. Rxe4 Bb7 21. Rae1
Nf6 22. Rc4 Bxg2 23. Kxg2 Re8 1-0